[Event "FRA-ch U16 Girls"]
[Site "Montbeliard"]
[Date "2014.04.20"]
[Round "1"]
[White "Rose, Marina"]
[Black "Leriche, Ines"]
[Result "0-1"]
[WhiteElo "1460"]
[BlackElo "1888"]
[PlyCount "82"]
[EventDate "2014.04.20"]
[EventType "swiss"]
[EventRounds "9"]
[EventCountry "FRA"]
[SourceTitle "CBM 160 Extra"]
[Source "ChessBase"]
[SourceDate "2014.07.01"]
[SourceVersion "1"]
[SourceVersionDate "2014.07.01"]
[SourceQuality "1"]

1. d4 Nf6 2. Nf3 c5 3. c3 cxd4 4. cxd4 e6 5. e3 b6 6. Be2 Bb7 7. b3 Bb4+ 8. Nbd2 Bc3 9. Rb1 Be4 10. Rb2 0-0 11. 0-0 Bxb2 12. Bxb2 Bb7 13. Qc2 d5 14. Bd3 Nc6 15. Ba3 Re8 16. Bb5 Rc8 17. Qd3 Nd7 18. e4 a6 19. Bxa6 Bxa6 20. Qxa6 Ra8 21. Qb5 Nxd4 22. Nxd4 Rxa3 23. Nc6 Qa8 24. Nb4 Nf6 25. Re1 Qa5 26. Qxa5 bxa5 27. Nb1 axb4 28. Nxa3 bxa3 29. exd5 Nxd5 30. Re2 Rc8 31. g3 g6 32. Kg2 Rc3 33. Rd2 Kg7 34. Kf1 Nb4 35. Ke2 Rc2 36. Rxc2 Nxc2 37. Kd2 Nb4 38. Kc1 Nxa2+ 39. Kb1 Nb4 40. Ka1 a2 41. Kb2 Kf6 0-1